Vail Resorts - Statistics

General Stats
  • This quiz has been taken 25 times
  • The average score is 9 of 37
Answer Stats
Region Answer % Correct
Rockies Vail
95%
Rockies Breckenridge
90%
Rockies Keystone
71%
Rockies Park City
62%
Rockies Beaver Creek
52%
Rockies Crested Butte
52%
Northeast Stowe
52%
Canada Whistler Blackcomb
52%
West Heavenly
48%
West Kirkwood
43%
West Northstar
43%
Northeast Okemo
29%
Northeast Mt. Snow
24%
Mid-Atlantic Whitetail
24%
Northeast Attitash Mountain
19%
Mid-Atlantic Big Boulder
19%
Mid-Atlantic Jack Frost
19%
Mid-Atlantic Liberty Mountain
19%
Northeast Hunter
14%
Mid-Atlantic Roundtop Mountain
14%
Northeast Wildcat Mountain
14%
Midwest Brandywine
10%
Northeast Mount Sunapee
10%
West Stevens Pass
10%
Midwest Afton Alps
5%
Northeast Crotched Mountain
5%
Australia Falls Creek
5%
Australia Hotham
5%
Midwest Mad River Mountain
5%
Midwest Mt Brighton
5%
Midwest Paoli Peaks
5%
Australia Perisher
5%
Midwest Alpine Valley
0%
Midwest Boston Mills
0%
Midwest Hidden Valley
0%
Midwest Snow Creek
0%
Midwest Wilmot Mountain
0%
No matching quizzes found
Score Distribution
Percent of People with Each Score
Percentile by Number Answered
Your Score History
You have not taken this quiz